| 000 -LEADER |
| fixed length control field |
01815aam a22002651i 4500 |
| 003 - CONTROL NUMBER IDENTIFIER |
| control field |
KPN |
| 005 - DATE AND TIME OF LATEST TRANSACTION |
| control field |
20260305155116.0 |
| 008 - FIXED-LENGTH DATA ELEMENTS--GENERAL INFORMATION |
| fixed length control field |
20260305b 00| 0 eng d |
| 020 ## - INTERNATIONAL STANDARD BOOK NUMBER |
| International Standard Book Number |
9780241687987 |
| Qualifying information |
hardcover |
| Terms of availability |
RM92.63 |
| 040 ## - CATALOGING SOURCE |
| Transcribing agency |
KPN |
| 082 04 - DEWEY DECIMAL CLASSIFICATION NUMBER |
| Edition number |
23 |
| Classification number |
BI FD YOU 2024 |
| 090 20 - LOCALLY ASSIGNED LC-TYPE CALL NUMBER (OCLC); LOCAL CALL NUMBER (RLIN) |
| Local cutter number (OCLC) ; Book number/undivided call number, CALL (RLIN) |
YUO |
| 100 1# - MAIN ENTRY--PERSONAL NAME |
| Personal name |
You, Yong-gwang, |
| Relator term |
author. |
| 245 14 - TITLE STATEMENT |
| Title |
The rainfall market / |
| Statement of responsibility, etc. |
You Yeong-Gwang ; Translated by Slin Jung. |
| 246 13 - VARYING FORM OF TITLE |
| Display text |
Translations of: |
| Title proper/short title |
Pi ga omyon yollinun sangjom. |
| 264 #1 - PRODUCTION, PUBLICATION, DISTRIBUTION, MANUFACTURE, AND COPYRIGHT NOTICE |
| Place of production, publication, distribution, manufacture |
London : |
| Name of producer, publisher, distributor, manufacturer |
Penguin Michael Joseph; |
| Date of production, publication, distribution, manufacture, or copyright notice |
2024. |
| 300 ## - PHYSICAL DESCRIPTION |
| Extent |
198 pages, 1 unnumbered page ; |
| Dimensions |
21 cm |
| 521 ## - TARGET AUDIENCE NOTE |
| Target audience note |
If you could swap your life for a better one, which would you choose?<br/><br/>On the outskirts of Rainbow Town, there is an old, abandoned house. They say that if you send a letter detailing your misfortunes there, you could receive a ticket. If you bring this ticket to the house on the first day of the rainy season, you'll be granted entrance into the mysterious Rainfall Market—where you can choose to completely change your life.<br/><br/>No one is more surprised than Serin when she receives a ticket. Lonely and with no real prospects for a future, Serin ventures to the market, determined to create a better life for herself.<br/><br/>There, she meets a magical cat companion named Issha and they search through bookstores, perfumeries, and fantastical realms while Serin tries to determine what her perfect life will look like.<br/><br/>The catch? Serin only has one week to find her happiness or be doomed to vanish into the market forever.<br/><br/>And all the while, a shadow follows quietly behind them… |
| 546 ## - LANGUAGE NOTE |
| Language note |
Text in English, translated from Korea. |
| 650 10 - SUBJECT ADDED ENTRY--TOPICAL TERM |
| Topical term or geographic name entry element |
Korean fiction |
| Form subdivision |
Translations into English. |
|
| Topical term or geographic name entry element |
Fantasy fiction. |
|
| Topical term or geographic name entry element |
Magic |
| Form subdivision |
Fiction. |
| 700 1# - ADDED ENTRY--PERSONAL NAME |
| Personal name |
Jung, Slin, |
| Relator term |
translator. |
| 942 ## - ADDED ENTRY ELEMENTS (KOHA) |
| Source of classification or shelving scheme |
|
| Koha item type |
Book |
| Suppress in OPAC |
No |